Weltführer nach Ländern (2010er) - Bildquiz - Statistiken

Allgemein
  • Dieses Quiz wurde 150 mal gespielt
  • Das Durchschnittsergebnis liegt bei 13 aus 18
Antwortstatistiken
Bildquiz Antwort % Korrekt
Deutschland
100%
Vereinigte Staaten
99%
Frankreich
98%
China
97%
Vatikan-Stadt
96%
Nordkorea
95%
Türkei
93%
Vereinigtes Königreich
87%
Kanada
86%
Israel
67%
Syrien
65%
Venezuela
62%
Monaco
57%
Frankreich
53%
Russland
47%
Bolivien
35%
Kroatien
19%
Palästina
19%
Keine übereinstimmenden Quizze gefunden
Verteilung der Resultate
Anzahl Personen mit jedem Resultat
Perzentil nach korrekt beantworteten Fragen
Ihre Resultats-Entwicklung
Sie haben dieses Quiz noch nicht gespielt